| 000 | | | 03683nmc2a2200000 x 450 |
| 001 | | | 2405f6ef-4eff-4f80-b95d-c82d4476085f |
| 005 | | | 20171205151402.0 |
| 100 | ## | $a | 20160909l18471847k l0rusy0189 ca |
| 101 | 0# | $a | rus |
| 102 | ## | $a | RU |
| 200 | 1# | $a | Дело по отношению Московского военного генерал-губернатора о выдаче заграничного паспорта жене художника Розалии Артари |
| | $j | 7-8 июля 1847 г. |
| 251 | ## | $c | Дело |
| 300 | ## | $a | Дело |
| 801 | #0 | $a | RU |
| | $b | РГИА |
| | $c | 20160909 |
| | $g | RCR |
| 801 | #1 | $a | RU |
| | $b | ГлавНИВЦ |
| | $c | 20160909 |
| | $2 | rusmarc |
| 801 | #2 | $a | RU |
| | $b | ПБ им. Б.Н. Ельцина |
| | $c | 20171205 |
| | $g | RCR |
| | $2 | rusmarc |
| 850 | ## | $a | РГИА |
| 852 | ## | $a | РГИА |
| | $e | Федеральное казенное учреждение "Российский государственный исторический архив" (РГИА) |
| | $j | 499 |
| 937 | ## | $h | РГИА |
| | $d | 12208869 |
| | $a | ASBIBLIO_SCAN |
| 462 | #0 | $1 | 0013b6530d0-0747-472f-bb02-3709de711fc2 |
| | $1 | 2001 |
| | $a | 1846-1847 гг. Дела Департамента полиции исполнительной за 1847 г. |
| | $1 | 251 |
| | $c | Опись |
| | $1 | 852 |
| | $j | 10 |
| 461 | #0 | $1 | 0013e300ed0-cd39-49af-8489-5ba5b90fa401 |
| | $1 | 2001 |
| | $a | Департамент полиции исполнительной МВД |
| | $1 | 251 |
| | $c | Фонд |
| | $1 | 852 |
| | $j | 1286 |
| 215 | ## | $a | 7 л. |
| | $d | 36,5х26 см |
| 371 | ## | $a | Документ не является опубликованным и широко распространяемым |
| 105 | ## | $a | y### |
| 122 | 2# | $a | d |
| 035 | ## | $a | 2405f6ef-4eff-4f80-b95d-c82d4476085f |
| 856 | ## | $u | http://readingroom.main.prlib.ru/item.aspx?id_node=n111077396&mode=full |